[Event "Cuiaba op"]
[Site "Cuiaba"]
[Date "2007.10.06"]
[Round "4"]
[White "Rizzo Correa Galvao, Ricardo"]
[Black "Name, Gabriel Ricardo"]
[Result "0-1"]
[WhiteElo "2011"]
[BlackElo "2241"]
[PlyCount "54"]
[EventDate "2007.10.04"]
[EventType "swiss"]
[EventRounds "6"]
[EventCountry "BRA"]
[SourceTitle "EXT 2008"]
[Source "ChessBase"]
[SourceDate "2007.11.25"]
[SourceVersion "1"]
[SourceVersionDate "2007.11.25"]
[SourceQuality "1"]

1. e4 g6 2. d4 Bg7 3. Bc4 c6 4. Ne2 d5 5. exd5 cxd5 6. Bd3 Nc6 7. c3 Nh6 8. Bf4 Nf5 9. Nd2 Nh4 10. 0-0 0-0 11. Bg3 Nf5 12. Nf3 Nxg3 13. Nxg3 Rb8 14. h3 b5 15. Re1 f6 16. Qe2 Qb6 17. Qc2 e6 18. h4 e5 19. dxe5 fxe5 20. Ng5 Rf4 21. h5 Rg4 22. Nxh7 Rxg3 23. Bxg6 Ne7 24. Kh2 Rg4 25. f3 Rh4+ 26. Kg3 Nxg6 27. Qxg6 Qxg6+ 0-1